Circular migration and multilocational livelihood strategies in rural India (Record no. 415266)

000 -LEADER
fixed length control field 00575cam a22001697a 4500
008 - FIXED-LENGTH DATA ELEMENTS--GENERAL INFORMATION
fixed length control field 180718b2009 xxu||||| |||| 00| 0 eng d
020 ## - INTERNATIONAL STANDARD BOOK NUMBER
International Standard Book Number 019569922X
082 ## - DEWEY DECIMAL CLASSIFICATION NUMBER
Classification number B122x54 D459
245 ## - TITLE STATEMENT
Title Circular migration and multilocational livelihood strategies in rural India
Statement of responsibility, etc. edited by Priya Deshingkar and John Farrington
260 ## - PUBLICATION, DISTRIBUTION, ETC.
Place of publication, distribution, etc. New Delhi
Name of publisher, distributor, etc. Oxford Univ. Press
Date of publication, distribution, etc. 2009
300 ## - PHYSICAL DESCRIPTION
Extent 320p.
650 ## - SUBJECT ADDED ENTRY--TOPICAL TERM
Topical term or geographic name entry element Seasonal labor --India
650 ## - SUBJECT ADDED ENTRY--TOPICAL TERM
Topical term or geographic name entry element Rural-urban migration --India
650 ## - SUBJECT ADDED ENTRY--TOPICAL TERM
Topical term or geographic name entry element Migration, Internal --India
700 ## - ADDED ENTRY--PERSONAL NAME
Personal name Farrington, John
700 ## - ADDED ENTRY--PERSONAL NAME
Personal name Deshingkar, Priya
Holdings
Withdrawn status Lost status Damaged status Not for loan Permanent Location Current Location Date acquired Total Checkouts Full call number Barcode Checked out Date last seen Date last checked out Price effective from Koha item type
        Indian Institute of Public Administration Indian Institute of Public Administration 2009-03-18 1 B122x54 D459 83110 2020-06-22 2020-06-05 2020-06-05 2018-07-21 Book

Powered by Koha